书目信息 |
| 题名: |
广岛悲剧
|
|
| 作者: | 彼得·威登 著 | |
| 分册: | ||
| 出版信息: | 北京 农村读物出版社 1988.02 |
|
| 页数: | 343页 | |
| 开本: | 19cm | |
| 丛书名: | ||
| 单 册: | ||
| 中图分类: | K313.46 | |
| 科图分类: | ||
| 主题词: | 东亚--历史 | |
| 电子资源: | ||
| ISBN: | 7-5048-0120-8 | |
| 000 | 00540nam0 2200193 45 | |
| 001 | 0405130866 | |
| 005 | 20040513085743.3 | |
| 010 | @a7-5048-0120-8@dCNY2.15 | |
| 100 | @a20040513d1988 km y0chiy0120 ea | |
| 101 | 0 | @achi |
| 105 | @a z 000yy | |
| 200 | 1 | @a广岛悲剧@AGuang Dao Bei Ju@f彼得·威登著@FBi De·Wei Deng Zhu |
| 210 | @a北京@c农村读物出版社@d1988.02 | |
| 215 | @a343页@c照片@d19cm | |
| 606 | 0 | @a东亚@x历史 |
| 690 | @aK313.46@v3 | |
| 701 | 0 | @a彼得·威登@4著 |
| 801 | @aCN@bPftUser@c20040513 | |
| 905 | @f1@b217646@dK313.46@e19 | |
| 广岛悲剧/彼得·威登著.-北京:农村读物出版社,1988.02 |
| 343页:照片;19cm |
| ISBN 7-5048-0120-8:CNY2.15 |
| ● |
| 相关链接 |
|
|
|
|
正题名:广岛悲剧
索取号:K313.46/19
 
预约/预借
| 序号 | 登录号 | 条形码 | 馆藏地/架位号 | 状态 | 备注 |
| 1 | 0217646 | 000359249 | 密集书库/ [索取号:K313.46/19] | 在馆 | |
| 2 | 0217648 | 000359203 | 第二样本阅览室/ [索取号:K313.46/19] | 在馆 |